00449 2200181 4500001002100000008004100021035002000062245004600082250001000128260003500138300001500173020001800188084001600206082001000222650001000232990001300242990001200255INLIS000000000000169 ind  a0010-0921000169 aNext G : Me Vs RobotcDarryl Khalid Aulia aCet.1 aBandungbMuffin Graphicsc2012 a120c21 cm a9786029329094 a741.3 DAR n a741.3 aKomik aDI. 2307 aDI 2307